Wrestlers A-Z (Female) - Picture Quiz - Statistics

General Stats
  • This quiz has been taken 151 times
  • The average score is 15 of 26
Answer Stats
Picture Hint Answer % Correct
A Alexa Bliss
98%
B Bayley
95%
I Iyo Sky
89%
C Chyna
87%
R Rhea Ripley
85%
L Lita
80%
N Natalya
80%
P Paige
77%
T Trish Stratus
77%
Z Zelina Vega
71%
S Stephanie McMahon
69%
D Dakota Kai
68%
K Kelly Kelly
66%
M Michelle McCool
64%
E Miss Elizabeth
64%
Q Queen Sharmell
61%
G Gail Kim
54%
V Victoria
50%
F Fabulous Moolah
49%
J Jacqueline
37%
Y (Last Name) Mae Young
26%
O ODB
25%
W Wendi Richter
25%
X Xia Brookside
21%
H Hikaru Shida
13%
U Ursula Hayden
3%
No matching quizzes found
Score Distribution
Percent of People with Each Score
Percentile by Number Answered
Your Score History
You have not taken this quiz